[Event "Mittelfranken-chT2b 1617"]
[Site "Mittelfranken"]
[Date "2016.11.27"]
[Round "3.1"]
[White "Baumann, Mathias"]
[Black "Herbst, Thomas"]
[Result "1/2-1/2"]
[WhiteElo "1912"]
[BlackElo "1853"]
[PlyCount "42"]
[EventDate "2016.10.23"]
[EventType "team-tourn"]
[EventRounds "9"]
[EventCountry "GER"]
[SourceTitle "EXT 2022"]
[Source "ChessBase"]
[SourceDate "2021.10.06"]
[SourceVersion "1"]
[SourceVersionDate "2021.10.06"]
[SourceQuality "1"]
[WhiteTeam "Nuernberg Zabo Eintracht II"]
[BlackTeam "Nuernberg SK 1911 II"]
[WhiteTeamCountry "GER"]
[BlackTeamCountry "GER"]

1. Nf3 c5 2. c4 Nc6 3. d4 cxd4 4. Nxd4 g6 5. e4 Nf6 6. Nc3 Nxd4 7. Qxd4 d6 8. Be2 Bg7 9. Qd3 0-0 10. 0-0 Be6 11. Rb1 Rc8 12. b3 Nd7 13. Na4 f5 14. f3 fxe4 15. fxe4 Rxf1+ 16. Kxf1 Qa5 17. Bd2 Qe5 18. Kg1 Qd4+ 19. Be3 Qxd3 20. Bxd3 b6 21. Rc1 Nc5 1/2-1/2

[Event "Mittelfranken-chT2b 1617"]
[Site "Mittelfranken"]
[Date "2016.11.13"]
[Round "2.1"]
[White "Luther, Helmut"]
[Black "Baumann, Mathias"]
[Result "1/2-1/2"]
[WhiteElo "1979"]
[BlackElo "1912"]
[PlyCount "44"]
[EventDate "2016.10.23"]
[EventType "team-tourn"]
[EventRounds "9"]
[EventCountry "GER"]
[SourceTitle "EXT 2022"]
[Source "ChessBase"]
[SourceDate "2021.10.06"]
[SourceVersion "1"]
[SourceVersionDate "2021.10.06"]
[SourceQuality "1"]
[WhiteTeam "Nuernberg Sued SW III"]
[BlackTeam "Nuernberg Zabo Eintracht II"]
[WhiteTeamCountry "GER"]
[BlackTeamCountry "GER"]

1. d4 c5 2. e3 g6 3. g3 Bg7 4. Bg2 d6 5. Nf3 Nf6 6. 0-0 0-0 7. c4 Qc7 8. b3 Nbd7 9. Bb2 e5 10. Nc3 a6 11. Qc2 Rb8 12. Rfd1 Re8 13. dxe5 dxe5 14. Ng5 Nf8 15. Nge4 Bf5 16. Nxf6+ Bxf6 17. Qe2 Be6 18. Ne4 Be7 19. h4 Nd7 20. Rd2 Rbd8 21. Rad1 Nf6 22. Nxf6+ Bxf6 1/2-1/2

[Event "Mittelfranken-chTB1 1314"]
[Site "Mittelfranken"]
[Date "2013.10.20"]
[Round "1.8"]
[White "Baumann, Mathias"]
[Black "Eichstaedt, Timm"]
[Result "1/2-1/2"]
[WhiteElo "1880"]
[BlackElo "1954"]
[PlyCount "81"]
[EventDate "2013.10.20"]
[EventType "team-tourn"]
[EventRounds "9"]
[EventCountry "GER"]
[SourceTitle "EXT 2020"]
[Source "ChessBase"]
[SourceDate "2019.10.17"]
[SourceVersion "1"]
[SourceVersionDate "2019.10.17"]
[SourceQuality "1"]
[WhiteTeam "Nuernberg Zabo"]
[BlackTeam "Herzogenaurach"]
[WhiteTeamCountry "GER"]
[BlackTeamCountry "GER"]

1. Nf3 Nf6 2. c4 e6 3. d4 d5 4. g3 c5 5. cxd5 exd5 6. Bg2 Nc6 7. 0-0 Be6 8. Nc3 Ne4 9. Nxe4 dxe4 10. Ng5 Nxd4 11. Nxe6 fxe6 12. Bxe4 Qc7 13. e3 Nc6 14. Qh5+ Qf7 15. Qxf7+ Kxf7 16. Bxc6 bxc6 17. Bd2 Be7 18. Bc3 Rhd8 19. Rfd1 Bf6 20. Bxf6 Kxf6 21. Kf1 Ke5 22. Rac1 Rxd1+ 23. Rxd1 Rb8 24. Rd2 c4 25. Ke2 h6 26. h4 Rb7 27. Kf3 Rf7+ 28. Ke2 Rb7 29. Kd1 c5 30. Kc2 Ke4 31. Kc3 Rb4 32. a3 Ra4 33. Rd7 Kf3 34. Rf7+ Kg2 35. Rf4 Ra6 36. Kxc4 Rb6 37. b4 cxb4 38. axb4 a6 39. Rf7 Rc6+ 40. Kb3 e5 41. Kb2 1/2-1/2

[Event "Mittelfranken-chTB2a 1213"]
[Site "Germany"]
[Date "2013.04.21"]
[Round "9.8"]
[White "Baumann, Mathias"]
[Black "Vinokur, Mykhaylo"]
[Result "1/2-1/2"]
[WhiteElo "2006"]
[BlackElo "1694"]
[PlyCount "32"]
[EventDate "2012.10.07"]
[EventType "team-tourn"]
[EventRounds "9"]
[EventCountry "GER"]
[SourceTitle "EXT 2019"]
[Source "ChessBase"]
[SourceDate "2018.10.10"]
[SourceVersion "1"]
[SourceVersionDate "2018.10.10"]
[SourceQuality "1"]
[WhiteTeam "Nuernberg Zabo"]
[BlackTeam "Fuerth SF II"]
[WhiteTeamCountry "GER"]
[BlackTeamCountry "GER"]

1. Nf3 Nf6 2. c4 c5 3. d4 cxd4 4. Nxd4 g6 5. g3 Bg7 6. Bg2 0-0 7. e4 Nc6 8. Ne2 d6 9. Nbc3 Ne5 10. b3 Bg4 11. 0-0 Nf3+ 12. Kh1 Nxe4 13. Qd3 Nxc3 14. Nxc3 Ne5 15. Qe3 Nc6 16. Bb2 Rc8 1/2-1/2

[Event "Mittelfranken-chTB2a 1112"]
[Site "Germany"]
[Date "2012.03.25"]
[Round "9.4"]
[White "Thuerauf, Peter"]
[Black "Baumann, Mathias"]
[Result "1/2-1/2"]
[WhiteElo "1858"]
[BlackElo "1858"]
[PlyCount "66"]
[EventDate "2011.09.25"]
[EventType "team-tourn"]
[EventRounds "9"]
[EventCountry "GER"]
[SourceTitle "EXT 2018"]
[Source "ChessBase"]
[SourceDate "2017.10.13"]
[SourceVersion "1"]
[SourceVersionDate "2017.10.13"]
[SourceQuality "1"]
[WhiteTeam "Nuernberg Sued SW III"]
[BlackTeam "Nuernberg Zabo"]
[WhiteTeamCountry "GER"]
[BlackTeamCountry "GER"]

1. d4 g6 2. Nf3 Bg7 3. c4 c5 4. e3 cxd4 5. exd4 d5 6. Nc3 Nf6 7. h3 Nc6 8. Be3 0-0 9. Rc1 dxc4 10. Bxc4 Na5 11. Bd3 Be6 12. b3 Rc8 13. 0-0 Nd5 14. Qd2 Nxe3 15. fxe3 Bxb3 16. Nb5 Rxc1 17. Rxc1 Ba4 18. Nxa7 Nc6 19. Nxc6 Bxc6 20. Be2 Qd7 21. Rc5 Qd6 22. Ne5 Rc8 23. Nxc6 Rxc6 24. Rxc6 Qxc6 25. Bf3 Qc7 26. Kf2 Bh6 27. Ke2 Bg5 28. Kd3 Qb6 29. Kc4 Qa6+ 30. Kb3 e6 31. a4 b6 32. Qc3 Qa7 33. e4 Qb8 1/2-1/2

[Event "Mittelfranken-chTB2a 1112"]
[Site "Germany"]
[Date "2012.03.11"]
[Round "8.5"]
[White "Di Bonaventura, Stefan"]
[Black "Baumann, Mathias"]
[Result "0-1"]
[WhiteElo "1661"]
[BlackElo "1858"]
[PlyCount "70"]
[EventDate "2011.09.25"]
[EventType "team-tourn"]
[EventRounds "9"]
[EventCountry "GER"]
[SourceTitle "EXT 2018"]
[Source "ChessBase"]
[SourceDate "2017.10.13"]
[SourceVersion "1"]
[SourceVersionDate "2017.10.13"]
[SourceQuality "1"]
[WhiteTeam "Buechenbach/Roth III"]
[BlackTeam "Nuernberg Zabo"]
[WhiteTeamCountry "GER"]
[BlackTeamCountry "GER"]

1. e4 g6 2. d4 Bg7 3. Nf3 c5 4. c3 cxd4 5. cxd4 d5 6. Nc3 dxe4 7. Nxe4 Nc6 8. d5 Ne5 9. Nxe5 Bxe5 10. Bc4 Nf6 11. Nxf6+ Bxf6 12. 0-0 0-0 13. a4 Qb6 14. Ra2 Rd8 15. Be3 Qc7 16. b3 b6 17. Qc1 Bb7 18. Rc2 Rac8 19. Bf4 Be5 20. Bxe5 Qxe5 21. Re1 Qd6 22. Qe3 Bxd5 23. Rd2 e6 24. h3 Qc6 25. Qg5 Rd6 26. Red1 Rcd8 27. Qe5 Qb7 28. g4 Bh1 29. Bd5 Rxd5 30. Rxd5 Rxd5 31. Rxd5 Qxd5 32. Qg3 Be4 33. Qb8+ Kg7 34. b4 Qd1+ 35. Kh2 Qh1+ 0-1

[Event "Nuremberg LGA Cup 8th"]
[Site "Nuremberg"]
[Date "2011.09.11"]
[Round "6"]
[White "Baumann, Mathias"]
[Black "Walter, Manfred"]
[Result "1-0"]
[WhiteElo "1859"]
[BlackElo "1721"]
[PlyCount "61"]
[EventDate "2011.09.08"]
[EventType "swiss"]
[EventRounds "7"]
[EventCountry "GER"]
[SourceTitle "CBM 144 Extra"]
[Source "ChessBase"]
[SourceDate "2011.10.28"]
[SourceVersion "1"]
[SourceVersionDate "2011.10.28"]
[SourceQuality "1"]

1. Nf3 d6 2. d4 Nf6 3. c4 Nbd7 4. Bf4 Nh5 5. Bg5 h6 6. Bh4 g5 7. Bg3 Bg7 8. e4 c6 9. Be2 0-0 10. Nc3 a6 11. Nd2 Nxg3 12. hxg3 f5 13. exf5 Rxf5 14. Bg4 Nf6 15. Bxf5 Bxf5 16. f3 Bd3 17. Qb3 Bg6 18. 0-0-0 b5 19. c5+ Bf7 20. Qa3 a5 21. Nce4 Nd5 22. cxd6 b4 23. dxe7 Nxe7 24. Qd3 Qd5 25. b3 Nf5 26. Nc4 a4 27. Nb6 axb3 28. Nxd5 bxa2 29. Ndf6+ Kf8 30. Kd2 b3 31. Qc3 1-0

[Event "Mittelfranken Mitte-ch 1011"]
[Site "Zirndorf"]
[Date "2011.01.09"]
[Round "7"]
[White "Baumann, Mathias"]
[Black "Weissmann, Peter"]
[Result "1/2-1/2"]
[WhiteElo "1852"]
[BlackElo "1711"]
[PlyCount "40"]
[EventDate "2011.01.06"]
[EventType "swiss"]
[EventRounds "7"]
[EventCountry "GER"]
[SourceTitle "EXT 2015"]
[Source "ChessBase"]
[SourceDate "2014.11.20"]
[SourceVersion "1"]
[SourceVersionDate "2014.11.20"]
[SourceQuality "1"]

1. d4 Nf6 2. Nf3 e6 3. c4 b6 4. g3 Bb7 5. Bg2 Bb4+ 6. Bd2 Qe7 7. a3 Bxd2+ 8. Nbxd2 Ne4 9. Nxe4 Bxe4 10. 0-0 0-0 11. Qd2 d6 12. Rfd1 Nd7 13. Rac1 Rad8 14. Qc3 f5 15. Qe3 Qf6 16. Rd2 h6 17. Rcd1 g5 18. Ne1 Bxg2 19. Nxg2 e5 20. Qf3 e4 1/2-1/2

[Event "Mittelfranken Mitte-ch 1011"]
[Site "Zirndorf"]
[Date "2011.01.08"]
[Round "4"]
[White "Baumann, Mathias"]
[Black "Nuesslein, Christian"]
[Result "1/2-1/2"]
[WhiteElo "1852"]
[BlackElo "1646"]
[PlyCount "62"]
[EventDate "2011.01.06"]
[EventType "swiss"]
[EventRounds "7"]
[EventCountry "GER"]
[SourceTitle "EXT 2015"]
[Source "ChessBase"]
[SourceDate "2014.11.20"]
[SourceVersion "1"]
[SourceVersionDate "2014.11.20"]
[SourceQuality "1"]

1. d4 Nf6 2. Nf3 g6 3. c4 c5 4. Nc3 cxd4 5. Nxd4 Bg7 6. e4 d6 7. f3 0-0 8. Be3 Nc6 9. Qd2 Nxd4 10. Bxd4 h5 11. Be2 Bd7 12. h3 Be6 13. g4 Qa5 14. Rd1 Rfc8 15. b3 Bd7 16. Nd5 Qxd2+ 17. Rxd2 Nxd5 18. Bxg7 Kxg7 19. Rxd5 Bc6 20. Rd2 hxg4 21. hxg4 Rh8 22. Rxh8 Rxh8 23. Kf2 Kf6 24. Ke3 Rh3 25. Bf1 Rh1 26. Be2 Rh3 27. Kf4 g5+ 28. Ke3 Ke5 29. Bf1 Rh1 30. Be2 Rh3 31. Bf1 Rh1 1/2-1/2

[Event "Mittelfranken Mitte-ch 1011"]
[Site "Zirndorf"]
[Date "2011.01.08"]
[Round "5"]
[White "Strobel, Norbert"]
[Black "Baumann, Mathias"]
[Result "1/2-1/2"]
[WhiteElo "1938"]
[BlackElo "1852"]
[PlyCount "99"]
[EventDate "2011.01.06"]
[EventType "swiss"]
[EventRounds "7"]
[EventCountry "GER"]
[SourceTitle "EXT 2015"]
[Source "ChessBase"]
[SourceDate "2014.11.20"]
[SourceVersion "1"]
[SourceVersionDate "2014.11.20"]
[SourceQuality "1"]

1. d4 d5 2. Nf3 c6 3. b3 Nf6 4. Nbd2 Bf5 5. Bb2 e6 6. e3 Bd6 7. Be2 Nbd7 8. 0-0 Qc7 9. c4 Qb8 10. a4 0-0 11. h3 Re8 12. Ra2 Ne4 13. Nxe4 Bxe4 14. Nd2 Bg6 15. f4 f6 16. Nf3 Be4 17. Bd3 Bxf3 18. Qxf3 f5 19. g4 g6 20. g5 Bf8 21. Bc3 a5 22. h4 Bg7 23. Rb1 Kf7 24. Qg2 Qc7 25. Rc2 Qb8 26. Qd2 Qa7 27. Bf1 Reb8 28. Kf2 Nb6 29. Ra2 h6 30. gxh6 Bxh6 31. Bd3 Nd7 32. Rh1 Nf6 33. Ke1 b6 34. Kd1 Bf8 35. Qg2 Be7 36. Be1 Rh8 37. Be2 Nh5 38. Bf3 Qd7 39. Qf1 Rh7 40. Rg2 Qd6 41. Qe2 Qa3 42. Qb2 Rc8 43. Qxa3 Bxa3 44. Bxh5 Rxh5 45. Rhg1 Rg8 46. cxd5 exd5 47. Rc2 Rc8 48. Rcg2 Rg8 49. Rc2 Rc8 50. Rcg2 1/2-1/2

[Event "Mittelfranken-chTB2b 0910"]
[Site "Mittelfranken"]
[Date "2009.11.22"]
[Round "3.5"]
[White "Baumann, Mathias"]
[Black "Ruderer, Thomas"]
[Result "1/2-1/2"]
[WhiteElo "1834"]
[BlackElo "1771"]
[PlyCount "138"]
[EventDate "2009.10.11"]
[EventType "team-tourn"]
[EventRounds "9"]
[EventCountry "GER"]
[SourceTitle "EXT 2011"]
[Source "ChessBase"]
[SourceDate "2010.11.26"]
[SourceVersion "1"]
[SourceVersionDate "2010.11.26"]
[SourceQuality "1"]
[WhiteTeam "Nuernberg Zabo"]
[BlackTeam "Heideck/Hilpoltstein"]
[WhiteTeamCountry "GER"]
[BlackTeamCountry "GER"]

1. d4 e6 2. c4 d5 3. Nc3 Nf6 4. Bg5 Be7 5. e3 0-0 6. Nf3 Nbd7 7. cxd5 exd5 8. Qc2 c6 9. Bd3 h6 10. Bh4 Re8 11. 0-0 Ne4 12. Bg3 Nxc3 13. Qxc3 Nf6 14. Qc2 Bd6 15. Bxd6 Qxd6 16. Ne5 Ng4 17. Nxg4 Bxg4 18. a3 Bh5 19. b4 a6 20. Rfb1 Bg6 21. Bxg6 Qxg6 22. Qxg6 fxg6 23. a4 b5 24. a5 Re6 25. Rc1 Rf8 26. Ra2 Rff6 27. Rac2 Kf7 28. Rc3 Ke7 29. Rc5 Kd7 30. R1c3 g5 31. Rc2 Rf8 32. R5c3 g4 33. Re2 g6 34. Kf1 Rff6 35. Ke1 Rf8 36. Rc1 Ref6 37. Rcc2 Re6 38. Rcd2 Rff6 39. Rd1 Rf8 40. Kd2 Ref6 41. Rf1 g5 42. Ke1 Re6 43. Rc2 Rf7 44. Ke2 Rfe7 45. Rcc1 h5 46. Rh1 Rf6 47. Rcf1 Rf5 48. Kd3 Rf6 49. h3 gxh3 50. Rxh3 Rh7 51. Ke2 g4 52. Rh2 h4 53. f3 g3 54. Rh3 Re6 55. Kd3 Rf6 56. Ke2 Re6 57. Kd3 Rf6 58. Rfh1 Rfh6 59. Ke2 Ke6 60. Rf1 Kf5 61. Kd3 Kg5 62. Rfh1 Re7 63. Rc1 Rhe6 64. Re1 Rf6 65. Rf1 Ref7 66. Ke2 Rf8 67. Rfh1 Rh6 68. Rf1 Re6 69. Kd3 Rfe8 1/2-1/2

[Event "Nuremberg LGA Cup 6th"]
[Site "Nuremberg"]
[Date "2009.09.06"]
[Round "6"]
[White "Hoffmann, Ayar"]
[Black "Baumann, Mathias"]
[Result "1/2-1/2"]
[WhiteElo "1780"]
[BlackElo "2067"]
[PlyCount "85"]
[EventDate "2009.09.03"]
[EventType "swiss"]
[EventRounds "7"]
[EventCountry "GER"]
[SourceTitle "CBM 132 Extra"]
[Source "ChessBase"]
[SourceDate "2009.11.03"]
[SourceVersion "1"]
[SourceVersionDate "2009.11.03"]
[SourceQuality "1"]

1. c4 c5 2. g3 Nf6 3. Bg2 g6 4. Nc3 Bg7 5. e4 Nc6 6. Nge2 d6 7. d3 Bd7 8. Be3 Qc8 9. h3 e5 10. Qd2 h6 11. Nb5 Qb8 12. Rb1 a6 13. Nbc3 b5 14. Nd5 Qd8 15. a3 b4 16. a4 Be6 17. f4 Nd7 18. 0-0 f6 19. f5 Bf7 20. fxg6 Bxg6 21. g4 Nb6 22. Nxb6 Qxb6 23. Ng3 Ne7 24. b3 0-0-0 25. Qf2 h5 26. Nf5 Nxf5 27. exf5 Be8 28. Qf3 Kc7 29. a5 Qa7 30. g5 Bd7 31. g6 Rc8 32. Qd5 Rcf8 33. Qe4 Kd8 34. Ra1 Ke7 35. Qf3 Rc8 36. Qd5 Rhf8 37. Qf3 Rh8 38. Qd5 Rcf8 39. h4 Qc7 40. Ra2 Qc8 41. Qe4 Qc7 42. Qd5 Qc8 43. Qe4 1/2-1/2

[Event "Nuremberg LGA Cup 6th"]
[Site "Nuremberg"]
[Date "2009.09.05"]
[Round "5"]
[White "Baumann, Mathias"]
[Black "Suess, Stefan"]
[Result "1/2-1/2"]
[WhiteElo "2067"]
[BlackElo "1963"]
[PlyCount "94"]
[EventDate "2009.09.03"]
[EventType "swiss"]
[EventRounds "7"]
[EventCountry "GER"]
[SourceTitle "CBM 132 Extra"]
[Source "ChessBase"]
[SourceDate "2009.11.03"]
[SourceVersion "1"]
[SourceVersionDate "2009.11.03"]
[SourceQuality "1"]

1. d4 f5 2. c4 Nf6 3. Nf3 g6 4. g3 Bg7 5. Bg2 0-0 6. 0-0 d6 7. Nc3 Qe8 8. e4 Nxe4 9. Nxe4 fxe4 10. Ng5 Nc6 11. Be3 e5 12. d5 Nd4 13. Nxe4 b6 14. Re1 Nf5 15. Bd2 h6 16. Rc1 a5 17. b3 Bd7 18. Bc3 Qc8 19. Rc2 Nd4 20. Bxd4 exd4 21. Rc1 Bg4 22. Qd2 Bf3 23. Bxf3 Rxf3 24. Qe2 Rf8 25. Rcd1 Qf5 26. Qd3 Rae8 27. Rd2 Re7 28. Rde2 Rfe8 29. Kg2 Be5 30. f3 Rf8 31. Nf2 Qxd3 32. Nxd3 Ref7 33. f4 Bg7 34. Re7 Bf6 35. Rxf7 Kxf7 36. Re6 Rb8 37. a4 Re8 38. Rxe8 Kxe8 39. Kf3 Kd7 40. Ke4 c5 41. dxc6+ Kxc6 42. g4 g5 43. f5 Bg7 44. Nf2 Kc5 45. Nd3+ Kc6 46. Nf2 Kc5 47. Nd3+ Kc6 1/2-1/2

[Event "Nuremberg LGA Cup 6th"]
[Site "Nuremberg"]
[Date "2009.09.04"]
[Round "2"]
[White "Schneider, Dominik"]
[Black "Baumann, Mathias"]
[Result "0-1"]
[WhiteElo "2105"]
[BlackElo "2067"]
[PlyCount "108"]
[EventDate "2009.09.03"]
[EventType "swiss"]
[EventRounds "7"]
[EventCountry "GER"]
[SourceTitle "CBM 132 Extra"]
[Source "ChessBase"]
[SourceDate "2009.11.03"]
[SourceVersion "1"]
[SourceVersionDate "2009.11.03"]
[SourceQuality "1"]

1. e4 c6 2. d4 d5 3. Nc3 dxe4 4. Nxe4 Bf5 5. Ng3 Bg6 6. Nf3 Nd7 7. Bf4 e6 8. Bd3 Bxd3 9. Qxd3 Qa5+ 10. c3 Ngf6 11. 0-0 Be7 12. Rfe1 0-0 13. Nf5 Rfe8 14. Nxe7+ Rxe7 15. Bd6 Ree8 16. Ne5 Qd5 17. Nxd7 Nxd7 18. Be5 f6 19. Bc7 c5 20. Rad1 Rac8 21. Bg3 c4 22. Qc2 b5 23. b3 Rc6 24. Re3 Rec8 25. Rde1 Nf8 26. Qb2 a5 27. b4 a4 28. a3 Re8 29. f4 Qf5 30. Qe2 Rd8 31. Qf3 Qd5 32. Qe2 Kf7 33. Bf2 Ng6 34. Bg3 Rd7 35. Rf3 Ne7 36. Bf2 Ng6 37. f5 Nf8 38. g4 Re7 39. g5 fxg5 40. fxe6+ Kg8 41. Re3 Rexe6 42. Rxe6 Rxe6 43. Qg4 Rxe1+ 44. Bxe1 Qe6 45. Qg3 Nd7 46. Kf1 h6 47. Qc7 Qf5+ 48. Bf2 Nf6 49. Kg2 Ne4 50. Be1 Qg4+ 51. Bg3 Nxc3 52. Qd8+ Kh7 53. Qb6 Qe4+ 54. Kf1 Qf3+ 0-1

[Event "Mittelfranken-chTB2b 0809"]
[Site "Mittelfranken"]
[Date "2009.03.08"]
[Round "7.4"]
[White "Baumann, Mathias"]
[Black "Schoenberger, Andreas"]
[Result "1-0"]
[WhiteElo "1848"]
[BlackElo "1884"]
[PlyCount "107"]
[EventDate "2008.10.12"]
[EventType "team"]
[EventRounds "9"]
[EventCountry "GER"]
[SourceTitle "EXT 2011"]
[Source "ChessBase"]
[SourceDate "2010.11.26"]
[SourceVersion "1"]
[SourceVersionDate "2010.11.26"]
[SourceQuality "1"]
[WhiteTeam "Nuernberg Zabo"]
[BlackTeam "Buechenbach/Roth II"]
[WhiteTeamCountry "GER"]
[BlackTeamCountry "GER"]

1. d4 Nf6 2. Bf4 g6 3. e3 d5 4. Bd3 Bg7 5. Nf3 0-0 6. 0-0 Nbd7 7. Nbd2 c5 8. c3 Nh5 9. Bg5 h6 10. Bh4 Qe8 11. Be2 e5 12. Nxe5 Nxe5 13. dxe5 Qxe5 14. Nb3 b6 15. Bf3 Bb7 16. Qe2 Nf6 17. Bg3 Qe7 18. h3 Ne4 19. Bh2 Ng5 20. Nd2 Rad8 21. Rfe1 Rfe8 22. Qb5 Ne4 23. Qe2 f5 24. Qd1 Qh4 25. Rf1 d4 26. exd4 cxd4 27. Bxe4 fxe4 28. cxd4 Rxd4 29. Qe1 Ba6 30. Nf3 Qd8 31. Nxd4 Qxd4 32. Rb1 e3 33. fxe3 Rxe3 34. Qf2 Bxf1 35. Rxf1 Qd2 36. Qf7+ Kh7 37. Qxa7 Re2 38. Qb7 Qxb2 39. Bd6 Re8 40. Bf8 Rxf8 41. Rxf8 Qa1+ 42. Rf1 Qd4+ 43. Kh1 h5 44. Rb1 Kh6 45. Qxb6 Qd3 46. Qb3 Qf5 47. Qb5 Qf4 48. Qf1 Qe4 49. Re1 Qb4 50. Qe2 Bf8 51. Qe3+ Kh7 52. Rf1 Bh6 53. Rf7+ Bg7 54. Qe5 1-0

[Event "Mittelfranken-chTB2b 0809"]
[Site "Mittelfranken"]
[Date "2009.02.08"]
[Round "6.4"]
[White "Baumann, Mathias"]
[Black "Frank, Gerhard"]
[Result "1-0"]
[WhiteElo "1848"]
[BlackElo "1654"]
[PlyCount "141"]
[EventDate "2008.10.12"]
[EventType "team"]
[EventRounds "9"]
[EventCountry "GER"]
[SourceTitle "EXT 2011"]
[Source "ChessBase"]
[SourceDate "2010.11.26"]
[SourceVersion "1"]
[SourceVersionDate "2010.11.26"]
[SourceQuality "1"]
[WhiteTeam "Nuernberg Zabo"]
[BlackTeam "Gunzenhausen/Weissenburg II"]
[WhiteTeamCountry "GER"]
[BlackTeamCountry "GER"]

1. d4 d5 2. Bf4 e6 3. e3 Nf6 4. Bd3 g6 5. Nf3 Bg7 6. h3 Nbd7 7. 0-0 0-0 8. Nbd2 Nh5 9. Bh2 f5 10. c3 c6 11. Be2 Nhf6 12. b4 Ne4 13. Qc2 Qe7 14. Rab1 Ndf6 15. Ne5 Nxd2 16. Qxd2 Nd7 17. Nf3 Nf6 18. Be5 Ne4 19. Qc1 Bxe5 20. Nxe5 Bd7 21. Bd3 Nd6 22. c4 Nf7 23. Nxf7 Qxf7 24. f4 b5 25. cxb5 cxb5 26. Qa3 Qe7 27. Qa5 Qd8 28. Bxb5 Qxa5 29. bxa5 Bxb5 30. Rxb5 Rab8 31. Rfb1 Rxb5 32. Rxb5 Rc8 33. a6 Rc3 34. Kf2 Rc2+ 35. Kf3 Rxa2 36. Rb8+ Kf7 37. Rb7+ Kf6 38. Rxa7 h6 39. Ra8 h5 40. a7 Kg7 41. Kg3 Ra3 42. Kh4 Ra2 43. g3 Ra3 44. Kg5 Ra6 45. g4 hxg4 46. hxg4 fxg4 47. Kxg4 Ra3 48. Kg5 Ra2 49. Re8 Rxa7 50. Rxe6 Ra2 51. Rxg6+ Kf7 52. Kf5 Ra3 53. Re6 Rb3 54. Re5 Ra3 55. Rxd5 Rxe3 56. Re5 Rd3 57. d5 Rd4 58. Kg5 Rd1 59. Kg4 Rg1+ 60. Kf3 Rd1 61. Ke4 Re1+ 62. Kd4 Rd1+ 63. Kc5 Rc1+ 64. Kd6 Kf6 65. Kd7 Rf1 66. Re8 Kf7 67. Re4 Rd1 68. d6 Kf6 69. Rc4 Kf7 70. Rc5 Kf6 71. Kc7 1-0

[Event "Nuremberg Zabo op 10th"]
[Site "Nuremberg"]
[Date "2008.09.21"]
[Round "4"]
[White "Reis, Gerhard"]
[Black "Baumann, Mathias"]
[Result "1-0"]
[WhiteElo "2149"]
[BlackElo "1848"]
[PlyCount "103"]
[EventDate "2008.09.19"]
[EventType "swiss"]
[EventRounds "5"]
[EventCountry "GER"]
[SourceTitle "EXT 2012"]
[Source "ChessBase"]
[SourceDate "2011.11.24"]
[SourceVersion "1"]
[SourceVersionDate "2011.11.24"]
[SourceQuality "1"]

1. Nf3 d5 2. d4 Nf6 3. c4 e6 4. Nc3 Be7 5. Bg5 h6 6. Bh4 0-0 7. e3 b6 8. Be2 Bb7 9. Bxf6 Bxf6 10. cxd5 exd5 11. b4 c5 12. bxc5 bxc5 13. Rb1 Bc6 14. 0-0 Nd7 15. Bb5 Qc7 16. Qa4 Nb6 17. Qa5 Bb7 18. Be2 cxd4 19. Nb5 Qd7 20. Nbxd4 Nc4 21. Qb5 Qxb5 22. Rxb5 Nb6 23. Rfb1 Rfc8 24. g3 Ba6 25. Ra5 Bc4 26. Kf1 g5 27. g4 Bd8 28. Nf5 Bxe2+ 29. Kxe2 Rc2+ 30. Kf1 Kh7 31. Ra6 f6 32. Kg2 Nd7 33. Rb7 Rc7 34. Rxc7 Bxc7 35. Re6 Bd8 36. Re8 Rc8 37. N3d4 Ne5 38. Nd6 Rb8 39. Ne6 Nc6 40. Nf5 Bb6 41. Rxb8 Nxb8 42. Ne7 Nd7 43. Nxd5 Ba5 44. h3 Kg6 45. Nd4 h5 46. Nc6 Bb6 47. Nce7+ Kh6 48. Nf5+ Kg6 49. Nde7+ Kh7 50. gxh5 Ne5 51. Nd5 Bc5 52. Nxf6+ 1-0

[Event "Nuremberg Zabo op 10th"]
[Site "Nuremberg"]
[Date "2008.09.20"]
[Round "3"]
[White "Baumann, Mathias"]
[Black "Maettig, Stefan"]
[Result "1-0"]
[WhiteElo "1848"]
[BlackElo "1984"]
[PlyCount "41"]
[EventDate "2008.09.19"]
[EventType "swiss"]
[EventRounds "5"]
[EventCountry "GER"]
[SourceTitle "EXT 2012"]
[Source "ChessBase"]
[SourceDate "2011.11.24"]
[SourceVersion "1"]
[SourceVersionDate "2011.11.24"]
[SourceQuality "1"]

1. d4 Nf6 2. Bf4 c5 3. e3 e6 4. c3 d5 5. Bd3 Bd6 6. Bxd6 Qxd6 7. f4 0-0 8. Nf3 b6 9. Qe2 Ne4 10. 0-0 f6 11. Nfd2 Bb7 12. Na3 Nd7 13. Rf3 a6 14. Raf1 Rfe8 15. Rh3 Nf8 16. Nab1 Nxd2 17. Nxd2 e5 18. fxe5 fxe5 19. dxe5 Qxe5 20. Qf3 Bc8 21. Qf7+ 1-0

[Event "Nuremberg LGA Cup 5th"]
[Site "Nuremberg"]
[Date "2008.09.07"]
[Round "6"]
[White "Baumann, Mathias"]
[Black "Lais, Thomas"]
[Result "0-1"]
[WhiteElo "2080"]
[BlackElo "1845"]
[PlyCount "92"]
[EventDate "2008.09.04"]
[EventType "swiss"]
[EventRounds "7"]
[EventCountry "GER"]
[SourceTitle "CBM 126 Extra"]
[Source "ChessBase"]
[SourceDate "2008.11.05"]
[SourceVersion "1"]
[SourceVersionDate "2008.11.05"]
[SourceQuality "1"]

1. d4 Nf6 2. Bf4 g6 3. e3 Bg7 4. Be2 d5 5. h3 c5 6. c3 Qb6 7. Qb3 Nc6 8. Qxb6 axb6 9. Na3 c4 10. Bc7 Nd7 11. Bf3 Ra5 12. e4 e6 13. exd5 exd5 14. Ne2 Bf8 15. Nc2 Rb5 16. 0-0-0 Nf6 17. Nf4 Be6 18. Nxe6 fxe6 19. Rhe1 Kd7 20. Bh2 Bh6+ 21. Kb1 Ra8 22. Ne3 Bxe3 23. Rxe3 Rba5 24. a3 b5 25. Rde1 Re8 26. Bf4 h5 27. Bg5 Nh7 28. Bh4 Raa8 29. Kc2 Na5 30. Bd1 Nb3 31. f4 Ra6 32. g4 hxg4 33. hxg4 Rf8 34. Bg3 Nf6 35. Bf3 Rh8 36. g5 Nh5 37. Rh1 b4 38. Bxh5 bxa3 39. bxa3 Rxa3 40. Rb1 Rxh5 41. Ree1 Rh3 42. Rg1 b5 43. Kb2 Ra8 44. Kc2 b4 45. Rxb3 cxb3+ 46. Kxb3 bxc3 0-1

[Event "Nuremberg LGA Cup 5th"]
[Site "Nuremberg"]
[Date "2008.09.07"]
[Round "7.69"]
[White "Junk, Philipp"]
[Black "Baumann, Mathias"]
[Result "0-1"]
[WhiteElo "1734"]
[BlackElo "2080"]
[PlyCount "94"]
[EventDate "2008.09.04"]
[EventType "swiss"]
[EventRounds "7"]
[EventCountry "GER"]
[SourceTitle "EXT 2022"]
[Source "ChessBase"]
[SourceDate "2021.10.06"]
[SourceVersion "1"]
[SourceVersionDate "2021.10.06"]
[SourceQuality "1"]

1. e4 d5 2. exd5 Qxd5 3. Nc3 Qd8 4. Bc4 Nf6 5. d3 Bg4 6. Nge2 e6 7. Bd2 Be7 8. h3 Bh5 9. Rg1 Qd7 10. g4 Bg6 11. Ng3 Nc6 12. Bb5 0-0-0 13. Qe2 Bc5 14. 0-0-0 Nd5 15. Nge4 Bd4 16. Rge1 Kb8 17. f4 Nb6 18. Na4 Bxe4 19. Nxb6 cxb6 20. dxe4 Qc7 21. c3 Rc8 22. Kb1 Bc5 23. f5 a6 24. Bc4 b5 25. Bb3 Na5 26. Bc2 Rhe8 27. Qf3 Bd6 28. Bg5 Be5 29. Re3 f6 30. Bh4 Nc4 31. Red3 Nd6 32. Bb3 exf5 33. exf5 Re7 34. Be6 Rf8 35. Rd5 g5 36. Bf2 Rxe6 37. fxe6 Qe7 38. Bc5 Rd8 39. Qd3 Kc7 40. Kc2 Kc6 41. b3 h6 42. c4 Qxe6 43. Ba3 b6 44. cxb5+ axb5 45. Bxd6 Rxd6 46. Qxb5+ Kc7 47. Qc4+ Rc6 0-1